000 00570nam a2200217Ia 4500
003 OSt
005 20220928140629.0
006 a|||||r|||| 00| 0
007 ta
008 220927b |||||||| |||| 00| 0 eng d
024 _a10234
037 _cTextual
040 _aSDCL
_cSDCL
_beng
041 _2eng
_aeng
082 _aX:77.435'N6, M0
100 _aSnodgrass Donald R
_9496411
245 0 _aInequality economic development in Malaysia
260 _c1980
942 _hX:77.435'N6, M0
_cTEXL
_2CC
999 _c812756
_d812756